ნორმალური ფორმატი
MARC ფორმატი
ჩანაწერი Corporate Name
ჩანაწერთა რაოდენობა, რომელიც გამოყენებულია: 2
001 - CONTROL NUMBER
- control field: 22190
003 - CONTROL NUMBER IDENTIFIER
- control field: GE_BSU
005 - DATE AND TIME OF LATEST TRANSACTION
- control field: 20240527133827.0
008 - FIXED-LENGTH DATA ELEMENTS
- fixed length control field: 240527|| aca||aabn | a|a d
040 ## - CATALOGING SOURCE
- Original cataloging agency: GE_BSU
- Transcribing agency: GE_BSU
110 ## - HEADING--CORPORATE NAME
- Corporate name or jurisdiction name as entry element: ბათუმის შოთა რუსთაველის სახელმწიფო უნივერსიტეტი ტექნოლოგიური ფაკულტეტი, აგროტექნოლოგიისა და აგროინჟინერიის დეპარტამენტი, აგრალური და მემბრანული ტექნოლოგიების ინსტიტუტი
670 ## - SOURCE DATA FOUND
- Source citation: Work cat.: (GE_BSU)61847: გაფრინდაშვილი,ინგა 22184, კვების პროდუქტების სტანდარტიზაცია და სერტიფიკაცია :
